000 00628nam a22001937a 4500
003 DO-SdBNP
005 20210823163837.0
008 210823b 2021 dr 00| 0 eng d
020 _a9789945627404
040 _aDO-SdBNP
_bspa
_cBNPHU
100 1 _aDomnariu, Casian Flavius
_d1979-
_979537
245 1 3 _aEl ama la disciplina :
_bleer me transformó, la disciplina me recompensó /
_cCasian Flavius Domnariu
260 _aSanto Domingo :
_bSantuario,
_c2021.
300 _a113 p. ;
_c22 cm.
500 _aIncluye datos biográficos del autor en las solapas
590 _aInventariado 2021/BT
910 _aBtavárez
942 _2ddc
_cLBS1
999 _c50248
_d50248